000 01682nam a22003375a 4500
003 EG-ScBUE
005 20220621104849.0
008 100926s2010 enka f b 001 0 eng d
020 _a9780521542845 (Student's Book)
040 _aEG-ScBUE
_beng
_erda
_cEG-ScBUE
_dEG-ScBUE
082 0 4 _a428.40711
_bPAK
_222
100 1 _aPakenham, Kenneth J.,
_eauthor.
_919905
245 1 0 _aMaking connections :
_ba strategic approach to academic reading : High intermediate /
_cKenneth J. Pakenham.
250 _aSecond edition.
250 _aSeventeen printing.
264 1 _aCambridge :
_bCambridge University Press,
_c2010.
300 _axiii, 274 pages :
_billustrations ;
_c26 cm
336 _2rdacontent
_atext
_btxt
337 _2rdamedia
_aunmediated
_bn
338 _2rdacarrier
_avolume
_bnc
504 _aIncludes bibliographical references and index.
520 _aTwelve reading skills and strategies sections give students insight into how academic text is organised and how to read effectively. Featuring four high-interest thematic units, each with multiple readings on the theme, and a strong vocabulary development program running throughout the book. With exercises and a Teacher's Manual with answers. Suitable for self-study, building vocabulary, and developing reading skills.
650 7 _aEnglish language
_vTextbooks for foreign speakers.
_2BUEsh
_913993
650 7 _aReading (Higher education)
_vProblems, exercises, etc.
_2BUEsh
_91109
650 7 _aReading Comprehension
_vProblems, exercises, etc.
_2BUEsh
_92827
650 7 _aCollege readers.
_2BUEsh
651 _2BUEsh
653 _bHHUUEENN
_cOctober2018
655 _vReading book
_934232
942 _2ddc
_cBB
999 _c14713
_d14713